在南极建立科考站的国家 - Statistics

General Stats
  • This quiz has been taken 261 times
  • The average score is 27 of 33
Answer Stats
部分科考站 国家 % Correct
长城站、中山站、昆仑站... 中国
100%
阿蒙森-斯科特站、麦克默多站... 美国
100%
哈雷站、罗瑟拉站... 英国
100%
昭和站、富士冰穹站 日本
100%
和平站,东方站... 苏联|俄罗斯
99%
康考迪亚站、迪蒙·迪维尔站 法国
99%
世宗大王站、张保皋站 韩国
97%
马兰比奥站、奥卡达斯站、圣马丁站... 阿根廷
97%
诺伊迈尔站、科嫩站 德国
96%
加布里埃尔·卡斯蒂利亚站、胡安·卡洛斯一世站 西班牙
94%
康考迪亚站、祖切利站 意大利
93%
凯西站、戴维斯站... 澳大利亚
93%
费拉斯少校站 巴西
93%
巴拉提站、迈特里站 印度
93%
特罗尔站、托尔站 挪威
93%
斯维站、瓦萨站 瑞典
92%
奥希金斯将军站、弗雷总统站... 智利
91%
斯科特站 新西兰
89%
萨纳站 南非
88%
奥布站 芬兰
86%
马丘比丘站 秘鲁
81%
阿克托夫斯基站、多布罗沃尔斯基站 波兰
76%
沃纳德斯基站 乌克兰
75%
德克·格里茨实验室 荷兰
69%
伊丽莎白公主站 比利时
69%
真纳站 巴基斯坦
67%
阿蒂加斯站、鲁佩尔托·艾利切利贝尔蒂站 乌拉圭
64%
TARS站 土耳其
64%
Vechernyaya站 白俄罗斯
54%
马尔多纳多站 厄瓜多尔
50%
生态纳尔逊站、门德尔站 捷克
47%
劳-拉科维泽站 罗马尼亚
41%
圣克莱门特·奥赫里德站 保加利亚
37%
No matching quizzes found
Score Distribution
Percent of People with Each Score
Percentile by Number Answered
Your Score History
You have not taken this quiz